000 00595nam a2200145 a 4500
008 120416s9999 xx |||||||||||||| || u
050 _aGN 645 Glu
100 _aGluckman, Max
245 1 0 _aCustom and conflict in Africa
350 _a0.00
650 _aTEXTBOOKS
650 _aCULTURE
995 _D0.00
_FCBU-MAIN LIBRARY (Kitwe)
_H1
_I0.00
_M1
_UDAMAGED
_ZMain Library Open Access Collection
995 _D0.00
_FCBU-MAIN LIBRARY (Kitwe)
_H2
_I0.00
_M2
_UAVAILABLE
_ZMain Library Open Access Collection
999 _c62660
_d62660